000 00511nam a2200193Ia 4500
003 GCL
008 140319s9999 xx 000 0 ara d
040 _aGCL /
_cGCL
082 0 4 _a331.114
_bن ع
100 1 _aنبيل الروبى
245 1 0 _aالعمالة فى القطاع السياحى /
_cنبيل الروبى
300 _a49 ص
490 _a
650 0 4 _aمصر
650 0 4 _aالسياحة
650 0 4 _aالعمالة
650 0 4 _aالسياحة - اقتصاديات
942 _2ddc
_cBK
999 _c41492
_d41492